Pays produisant le plus de fromage de chèvre - Statistiques

Statistiques générales
  • Ce quiz a été pris 245 fois
  • Le résultat moyen est 9 sur 20
Statistiques - réponses
1000 tonnes pays % Correct
81 France
99%
5 Italie
93%
34 Espagne
91%
9 Chine
82%
4 Allemagne
80%
40 Grèce
76%
6 Maroc
62%
17 Mexique
57%
18 Iran
41%
6 Ukraine
38%
5 Bulgarie
32%
10 Afghanistan
25%
33 Niger
22%
7 Syrie
21%
78 Soudan
20%
12 Ouzbékistan
18%
18 Tadjikistan
15%
5 Bolivie
12%
110 Soudan du Sud
10%
8 Yémen
8%
Aucun quiz correspondant
Distribution des résultats
% des personnes avec chaque résultat
Percentile par nombre de réponses
Votre historique - résultats
Vous n’avez pas pris ce quiz